Statistics for Mega Geography Word Chain

Click here to take the quiz!

General Stats

  • This quiz has been taken 865 times
  • The average score is 104 of 200

Answer Stats

HintAnswer% Correct
The largest and most populous continentAsia
100%
Continent with the most countriesAfrica
99%
Country that is also a continent and/or islandAustralia
97%
Least populous continentAntarctica
94%
Home of Lionel Messi and Diego MaradonaArgentina
87%
First UN member state, alphabeticallyAfghanistan
81%
Has a flag of a black double-headed eagle on a red fieldAlbania
81%
Continent with gila monsters and pronghorn antelopesNorth America
80%
Continent of the Amazon and the AndesSouth America
79%
Home of the Schönbrunn palace and MozartAustria
74%
Only country with Catalan as an official languageAndorra
73%
Maghreb country with the Emir Abdelkader MosqueAlgeria
71%
Where Bill Clinton was born and served as GovernorArkansas
71%
Its capital is YerevanArmenia
71%
State where MLK led a march from SelmaAlabama
70%
Country with cantons such as Zug and BaselSwitzerland
70%
Capital is Beirut, has a cedar tree on its flagLebanon
69%
Country where ABBA and Ikea are fromSweden
69%
Shares an island with HaitiDominican Republic
68%
City of the Parthenon and the AcropolisAthens
67%
Country of the Little Mermaid and the original LegolandDenmark
67%
Only country with a non-rectangular flagNepal
67%
Country with Phuket and Krung ThepThailand
67%
Range with resorts at Zermatt, St. Moritz, and ChamonixAlps
66%
Galapagos islands countryEcuador
66%
Capital of ScotlandEdinburgh
66%
Hermit kingdom headed by the Kim dynastyNorth Korea
66%
Land of pharaohsEgypt
65%
Country on both the Gulf of Finland and the Gulf of RigaEstonia
65%
Country once led by Saddam Hussein and fought in the Gulf WarIraq
65%
State of Long Island and Niagara FallsNew York
65%
Country that hosted the World Cup in 2022Qatar
65%
The newest UN member state, gained independence in 2011South Sudan
65%
Contains Sumatra, Java, and SulawesiIndonesia
64%
Country where St. Patrick drove away all the snakesIreland
64%
Its capital changed from Astana to Nur-Sultan, then AstanaKazakhstan
64%
Smallest state by areaRhode Island
64%
Modern day country of the Chernobyl nuclear disasterUkraine
64%
Hosted and won the first World CupUruguay
64%
Largest city in HollandAmsterdam
63%
Contains Maui, Oahu, and KauaiHawaii
63%
Capital of PolandWarsaw
63%
Taj Mahal cityAgra
62%
City that once had a famous lighthouse and a library that burnedAlexandria
62%
Northernmost oceanArctic
62%
It used to be called SwazilandEswatini
62%
Fought the Football War against El SalvadorHonduras
62%
Chicago and Peoria's stateIllinois
62%
Country that claims lineage from the Persian EmpiresIran
62%
Pacific Island country devastated by phosphate miningNauru
62%
Country which hosted the 1952 and 1994 Winter OlympicsNorway
62%
Country with Dragon Blood trees on the island of SocotraYemen
62%
Capital of ParaguayAsuncion
61%
Largest constituent country of the United KingdomEngland
61%
City where pizza originatedNaples
61%
Country with the Musandam exclave on the Strait of HormuzOman
61%
DisneyWorld cityOrlando
61%
Capital of JordanAmman
60%
Called Aotearoa by the MaoriNew Zealand
60%
Capital of CroatiaZagreb
60%
Largest city on the North IslandAuckland
59%
Country once led by Pol Pot and the Khmer RougeCambodia
59%
The motor cityDetroit
59%
Used to be called AbyssiniaEthiopia
59%
Province that borders 4 of the 5 Great LakesOntario
59%
Capital of Saudi ArabiaRiyadh
59%
Country of AnatoliaTurkey
59%
Ocean containing the Sargasso SeaAtlantic
58%
Country of the Neandertal Valley and Brandenburg GateGermany
58%
Country home to AFC AjaxNetherlands
58%
State where the first atomic bomb was detonated at Los AlamosNew Mexico
58%
Longest river that empties into the PacificYangtze
58%
Country with the cities of Kisangani and LubumbashiDR Congo
57%
State with two NFL teams: the Browns and BengalsOhio
57%
Country of Samarkand and TashkentUzbekistan
57%
Largest emirate by area in the United Arab EmiratesAbu Dhabi
56%
Mountain overlooking Yerevan, maybe where Noah's ark landedArarat
56%
State with the Petrified Forest and Saguaro National ParksArizona
56%
Only state where prostitution is legalNevada
56%
Recently changed its name from a Former Yugoslav RepublicNorth Macedonia
56%
City where the Nobel Peace Prize is handed outOslo
56%
National park of Old FaithfulYellowstone
56%
Canadian territory of the Klondike Gold RushYukon
56%
Capital of GhanaAccra
55%
Capital of SenegalDakar
55%
Mountain and national park formerly called McKinleyDenali
55%
Cleveland's lakeErie
55%
Red Sea country which gained independence in 1991Eritrea
55%
State with the cities of Fargo, Grand Forks, and BismarckNorth Dakota
55%
Country with the Danube endsRomania
55%
Its capital is ApiaSamoa
55%
Capital of LiechtensteinVaduz
55%
Country famous for hyperinflation under Robert MugabeZimbabwe
55%
Country headed by Ilham Aliyev who lives in the Zuğulba PalaceAzerbaijan
54%
State with the fewest countiesDelaware
54%
Country located on the Tian Shan mountainsKyrgyzstan
54%
Country home to Bikini and Majuro AtollsMarshall Islands
54%
Country of the Igbo, Yoruba, and Hausa-FulaniNigeria
54%
State of Duke University and Kitty HawkNorth Carolina
54%
The Sooner StateOklahoma
54%
Country led by Paul Kagame from KigaliRwanda
54%
Island country, the origin of bubble teaTaiwan
54%
Its capital is CheyenneWyoming
54%
Country with the exclave of CabindaAngola
53%
Capital of Timor-LesteDili
53%
Caribbean country invaded by the United States in the 1980sGrenada
53%
Canadian province that names two dog breedsNewfoundland and Labrador
53%
Its capital is FreetownSierra Leone
53%
Country of Colombo and KandySri Lanka
53%
Capital city after moving from LagosAbuja
52%
Sea that Venice lies onAdriatic
52%
Province of Banff and Jasper National ParksAlberta
52%
Host city of the 1996 Summer OlympicsAtlanta
52%
Its parliament, the Alþingi (Althing), was founded in 930Iceland
52%
Country once led by Golda Meir and David Ben-GurionIsrael
52%
Driest desert in the worldAtacama
51%
City on the Tigris close to the ancient location of BabylonBaghdad
51%
Largest city on the South IslandChristchurch
51%
Small grand duchy in the Low countriesLuxembourg
51%
Country with a bull sharks in its largest lake of the same nameNicaragua
51%
Country with the atolls of Nanumea, Nukufetau, and VaitupuTuvalu
51%
Country at the lowest point of its continent at Lake AssalDjibouti
50%
Island where immigrants entered the United StatesEllis
50%
Its capital is SuvaFiji
50%
Stretches from Sochi to MagadanRussia
50%
Crimean city of a World War II conferenceYalta
50%
The Last FrontierAlaska
49%
Island capital city with Lemurs' ParkAntananarivo
49%
Capital of TajikistanDushanbe
49%
Country once led by Idi AminUganda
49%
Caribbean island next to Venezuela with capital at OranjestadAruba
48%
City of the Oilers (NHL)Edmonton
48%
Capital of NigerNiamey
48%
Its capital is NgerulmudPalau
48%
French region formerly combined with LorraineAlsace
47%
Capital of TurkmenistanAshgabat
47%
Southern country of the Darien GapColombia
47%
Saxon city firebombed by the Allies in WW2Dresden
47%
Country with Lake Balaton and KékesHungary
47%
Potato state of PocatelloIdaho
47%
The Garden StateNew Jersey
47%
Country on the Guiana shield with the Coppename riverSuriname
47%
City-Country of Marina Bay SandsSingapore
46%
Metropolitan area with the largest Jewish populationTel Aviv
46%
Most populous city in Cote d'IvoireAbidjan
45%
Capital of Myanmar/BurmaNaypyidaw
45%
State capital named for Sir WalterRaleigh
45%
National park of El Capitan and Half DomeYosemite
45%
Former home of the Raiders, home of the A'sOakland
44%
Setting of Breaking BadAlbuquerque
43%
French city where the Pope lived in the 1300sAvignon
43%
State of Dartmouth College and Phillips Exeter AcademyNew Hampshire
43%
Trail of American westward expansionOregon
43%
City of the Terracotta Warriors and the Giant Wild Goose PagodaXi'an
43%
Capital of North Rhine-Westphalia, has the Rhine TowerDusseldorf
42%
Malabo is its capital on the island of BiokoEquatorial Guinea
42%
City close to Balmoral CastleAberdeen
41%
Capital city with national park for zebras and giraffesNairobi
41%
City of the University of MichiganAnn Arbor
40%
Stretches from Gibraltar to ArkhangelskEurope
40%
State that hosts the College World SeriesNebraska
40%
Highest peak in the AndesAconcagua
39%
The hub of the world's diamond trade on the river ScheldtAntwerp
38%
Gulf connected to the Red Sea by the Bab-el-MandebAden
37%
Most populous city in GujaratAhmedabad
37%
UN member state that claims the nine-dash lineChina
37%
Province on the east of the Bay of FundyNova Scotia
37%
State capital founded as Fort OrangeAlbany
36%
Virginia suburb where the Pentagon is locatedArlington
36%
Where the Masters golf tournament is playedAugusta
36%
Location of Seoul's international airportIncheon
36%
Country with the Caprivi StripNamibia
36%
Ural city where Tsar Nicholas II and his family were killedYekaterinburg
36%
Its highest point is Boggy Peak, once called Mount ObamaAntigua and Barbuda
35%
Made up of the Gilbert, Phoenix, and Line islandsKiribati
35%
Country of the Deccan Plateau and most of the Thar DesertIndia
34%
Longest river in VenezuelaOrinoco
34%
Capital city home to the Centre Block on Parliament HillOttawa
34%
Provincial capital with a 1917 port explosionHalifax
32%
Caribbean island with Crocus Hill and capital at The ValleyAnguilla
30%
Second largest city in SerbiaNovi Sad
30%
The final battle of the American RevolutionYorktown
29%
Largest city in SiberiaNovosibirsk
28%
Its capital is Pago PagoAmerican Samoa
26%
Gulf bordered by JordanAqaba
26%
Only country without red, white, or blue on its flagJamaica
26%
Pacific island special collectivity with capital NoumeaNew Caledonia
26%
Largest city in Guerrero, on a bay of the same nameAcapulco
24%
Political center of the Frankish Empire, where Charlemagne livedAachen
23%
Second largest city in PeruArequipa
22%
A victory for Napoleon that ended the Holy Roman EmpireAusterlitz
21%
Treaty location that ended the War of 1812Ghent
21%
Has the Golden Temple, the holiest gurdwara of SikhismAmritsar
20%
The 10th highest mountain, either first or second hardest to climbAnnapurna
20%
Landlocked province with capital at HefeiAnhui
19%
City of Northwestern UniversityEvanston
19%
Inland river delta in BotswanaOkavango
18%
Western Aleutian island occupied by Japan in World War 2Attu
12%
Biggest town in Martha's VineyardEdgartown
10%
Textile center of BangladeshNarayanganj
6%

Score Distribution

Percentile by Number Answered

Percent of People with Each Score

Your Score History

You have not taken this quiz